Entry Nombre personal
001 - NÚMERO DE CONTROL
- campo de control: 53283
003 - IDENTIFICADOR DEL NÚMERO DE CONTROL
- campo de control: BNPHU
005 - FECHA Y HORA DE LA ÚLTIMA TRANSACCIÓN
- campo de control: 20250203105115.0
008 - DATOS DE LONGITUD FIJA
- campo de control de longitud fija: 200615|| aca||aabn | a|a d
010 ## - NÚMERO DE CONTROL DE LA BIBLIOTECA DEL CONGRESO
- Número de control de LC: n 93102796
040 ## - FUENTE DE LA CATALOGACIÓN
- Centro catalogador/agencia de origen: DO-SdBNP
- Lengua de catalogación: spa
- Centro/agencia transcriptor: BNPHU
- Normas de descripción: rda
046 ## - FECHAS CON CODIFICACIÓN ESPECIAL
- Fecha de nacimiento: 1943-
100 1# - ENCABEZAMIENTO-NOMBRE DE PERSONA
- Nombre de persona: Corcino, Damián A.
- Forma completa/desarrollada del nombre: (Damián Antonio), |
- Fechas asociadas al nombre: 1943-
370 ## - LUGAR ASOCIADO
- Lugar de nacimiento: Santiago de los Caballeros (República Dominicana)
375 ## - GÉNERO/SEXO
- Género/Sexo: Masculino
377 ## - LENGUA/LENGUAJE ASOCIADO
- Código del idioma: spa
- Término de lengua/lenguaje: Español
400 1# - TRAZADO DE VÉASE--NOMBRE DE PERSONA
- Nombre de persona: Corcino Ortiz, Damián Antonio,
- Fechas asociadas al nombre: 1943-
400 1# - TRAZADO DE VÉASE--NOMBRE DE PERSONA
- Nombre de persona: Ortiz, Damián Antonio Corcino,
- Fechas asociadas al nombre: 1943-
670 ## - FUENTE DE DATOS ENCONTRADOS
- Cita de la fuente: Work cat.: (OSt)25746: Corcino, Damián A. 1943-, Identidad nacional /, 1988.
670 ## - FUENTE DE DATOS ENCONTRADOS
- Identificador Uniforme del Recurso: https://authorities.loc.gov/cgi-bin/Pwebrecon.cgi?AuthRecID=3115995&v1=1&HC=1&SEQ=20250203101942&PID=pUQ7AJvj_IBPJt5rP3_hCg9cUcR6 Consultado en 03 de febrero, 2025
